| 000 | 00661nam a2200229Ia 4500 | ||
|---|---|---|---|
| 003 | OSt | ||
| 005 | 20220926035248.0 | ||
| 006 | a|||||r|||| 00| 0 | ||
| 007 | ta | ||
| 008 | 220923b |||||||| |||| 00| 0 eng d | ||
| 037 | _cGeneral Book | ||
| 040 |
_aRTL _cRTL _beng |
||
| 041 |
_2eng _aeng |
||
| 082 | _aX.2.N5, J0;1/GD | ||
| 100 |
_aSovani N. V. _9126620 |
||
| 245 | 0 | _aProblems of economic and social development in India | |
| 260 | _c1950 | ||
| 490 | _aInstitute of Pacific Relations, India Paper.I. | ||
| 650 |
_aIndia Economic Conditions _940151 |
||
| 942 |
_hX.2.N5, J0;1/GD _cGB _2CC |
||
| 999 |
_c661718 _d661718 |
||